000 00648nam a2200253Ia 4500
008 160803s9999 xx 000 0 und d
020 _a978-0064406864
100 _aCreech, Sharon
245 _aPleasing the ghost /
245 _cby Sharon Creech ; illustrated by Stacey Schuett.
260 _aNew York :
260 _bScholastic Inc.
260 _c1996
300 _a89 pages :
300 _billustrations ;
300 _c20 cm.
650 _aAunts --
650 _aCommunication --
650 _aUncles --
650 _xJuvenile fiction.
650 _xJuvenile fiction.
650 _xJuvenile fiction.
700 _a520
999 _c298081
_d298081